| 000 | 00625nam a2200205Ia 4500 | ||
|---|---|---|---|
| 005 | 20250508161042.0 | ||
| 008 | 008 250505s9999 xx 000 0 eng d | ||
| 037 | _aTextual | ||
| 040 |
_aFEDL _beng _cFEDL |
||
| 041 |
_aeng _2eng |
||
| 084 |
_a155.4, BOR _qFEDL |
||
| 100 | _aBornstein Marc H. Ed. | ||
| 245 | 0 | _aPsychological development from infancy : Image to intention | |
| 260 |
_aHillsdale _bLawrence Erlbaum Associates, Publishers _c1979 |
||
| 300 | _axvi,404p. | ||
| 650 | _aChild Psychology | ||
| 700 |
_a Kessen William Ed. _9770116 |
||
| 942 |
_cTEXL _h155.4, BOR |
||
| 999 |
_c1368141 _d1368141 |
||